[Event "Titled Tuesday intern op 01st Aug Late"]
[Site "Chess.com INT"]
[Date "2023.08.01"]
[Round "3"]
[White "Cupid, Kevin"]
[Black "Bazilius, Augustinas"]
[Result "1-0"]
[WhiteElo "2163"]
[BlackElo "2052"]
[PlyCount "39"]
[EventDate "2023.08.01"]
[EventType "swiss (blitz)"]
[EventRounds "11"]
[EventCountry "USA"]
[SourceTitle "EXT 2024"]
[Source "ChessBase"]
[SourceDate "2023.10.10"]
[SourceVersion "1"]
[SourceVersionDate "2023.10.10"]
[SourceQuality "1"]

1. d4 Nf6 2. Nf3 g6 3. c4 Bg7 4. Nc3 d5 5. Bf4 0-0 6. e3 c5 7. dxc5 Ne4 8. Rc1 Qa5 9. Qb3 Nxc5 10. Qc2 Bf5 11. Qd1 dxc4 12. Bxc4 Rd8 13. Nd2 Bd3 14. Nb3 Qb6 15. Nd5 Rxd5 16. Bxd5 Na4 17. Rc8+ Bf8 18. Qxd3 Nxb2 19. Qc3 Nc6 20. Bh6 1-0

[Event "Titled Tuesday intern op 01st Aug Late"]
[Site "Chess.com INT"]
[Date "2023.08.01"]
[Round "4"]
[White "Cupid, Kevin"]
[Black "Gaal, Zsoka"]
[Result "0-1"]
[WhiteElo "2163"]
[BlackElo "2314"]
[PlyCount "50"]
[EventDate "2023.08.01"]
[EventType "swiss (blitz)"]
[EventRounds "11"]
[EventCountry "USA"]
[SourceTitle "EXT 2024"]
[Source "ChessBase"]
[SourceDate "2023.10.10"]
[SourceVersion "1"]
[SourceVersionDate "2023.10.10"]
[SourceQuality "1"]

1. d4 Nf6 2. Nf3 c5 3. c3 g6 4. Bg5 Bg7 5. e3 h6 6. Bxf6 Bxf6 7. Nbd2 d5 8. Be2 Qb6 9. b3 0-0 10. 0-0 Nc6 11. Qc1 Bf5 12. Qa3 cxd4 13. Nxd4 Bd7 14. Rac1 e5 15. Nxc6 bxc6 16. e4 Be6 17. exd5 cxd5 18. c4 Bg5 19. Rcd1 Rad8 20. cxd5 Bxd5 21. Nc4 Qb7 22. f3 e4 23. f4 Be7 24. Qa5 Bb4 25. Qa4 Bc6 0-1

[Event "Titled Tuesday intern op 30th May Early"]
[Site "Chess.com INT"]
[Date "2023.05.30"]
[Round "10"]
[White "Avazkhonov, Alikhon"]
[Black "Cupid, Kevin"]
[Result "1-0"]
[WhiteElo "1538"]
[BlackElo "2150"]
[PlyCount "79"]
[EventDate "2023.05.30"]
[EventType "swiss (blitz)"]
[EventRounds "11"]
[EventCountry "USA"]
[SourceTitle "CBM 214 Extra"]
[Source "ChessBase"]
[SourceDate "2023.07.31"]
[SourceVersion "1"]
[SourceVersionDate "2023.07.31"]
[SourceQuality "1"]

1. d4 Nf6 2. c4 e6 3. Nc3 Bb4 4. e3 b6 5. Bd2 Bb7 6. Nf3 0-0 7. Bd3 d6 8. 0-0 Bxc3 9. Bxc3 Ne4 10. Bxe4 Bxe4 11. d5 e5 12. Nd2 Bd3 13. Re1 a5 14. e4 f5 15. f3 Na6 16. b3 Nc5 17. Bb2 Qh4 18. Ba3 fxe4 19. Bxc5 bxc5 20. fxe4 Qf2+ 21. Kh1 Rf4 22. Qc1 Raf8 23. h3 Qh4 24. Qc3 Bxe4 25. Nxe4 Rxe4 26. Qxa5 Rxe1+ 27. Rxe1 Qf2 28. Rg1 Rf7 29. Qa8+ Rf8 30. Qb7 e4 31. Qxc7 e3 32. Qxd6 e2 33. Qe6+ Kh8 34. d6 Rf6 35. Qe8+ Rf8 36. d7 Qf1 37. d8Q Kg8 38. Qxf8+ Qxf8 39. Qxf8+ Kxf8 40. Re1 1-0

[Event "Titled Tuesday intern op 30th May Early"]
[Site "Chess.com INT"]
[Date "2023.05.30"]
[Round "1"]
[White "Ibadov, Dashgyn"]
[Black "Cupid, Kevin"]
[Result "1-0"]
[WhiteElo "2391"]
[BlackElo "2150"]
[PlyCount "59"]
[EventDate "2023.05.30"]
[EventType "swiss (blitz)"]
[EventRounds "11"]
[EventCountry "USA"]
[SourceTitle "CBM 214 Extra"]
[Source "ChessBase"]
[SourceDate "2023.07.31"]
[SourceVersion "1"]
[SourceVersionDate "2023.07.31"]
[SourceQuality "1"]

1. e4 c6 2. d4 d5 3. exd5 cxd5 4. Bd3 Nf6 5. h3 Nc6 6. c3 Qc7 7. Nf3 g6 8. 0-0 Bf5 9. Be2 Bg7 10. Be3 0-0 11. Nbd2 Rfe8 12. Re1 a6 13. Qc1 Rac8 14. Nb3 e5 15. dxe5 Nxe5 16. Nxe5 Qxe5 17. Nd4 Bd7 18. Bf4 Qe7 19. Qd1 Qc5 20. Qb3 b5 21. Be3 Qd6 22. Bf3 Ne4 23. Rad1 Red8 24. Ne2 Qe6 25. Nf4 Qe5 26. Rxd5 Qe8 27. Bb6 Bf5 28. Rxd8 Rxd8 29. Bxd8 Qxd8 30. Bxe4 1-0

[Event "Titled Tuesday intern op 16th May Early"]
[Site "Chess.com INT"]
[Date "2023.05.16"]
[Round "2"]
[White "Cupid, Kevin"]
[Black "Belov, Alexei"]
[Result "0-1"]
[WhiteElo "2150"]
[BlackElo "2421"]
[PlyCount "33"]
[EventDate "2023.05.16"]
[EventType "swiss (blitz)"]
[EventRounds "11"]
[EventCountry "USA"]
[SourceTitle "CBM 214 Extra"]
[Source "ChessBase"]
[SourceDate "2023.07.31"]
[SourceVersion "1"]
[SourceVersionDate "2023.07.31"]
[SourceQuality "1"]

1. d4 e6 2. Nf3 d5 3. c4 Nf6 4. Nc3 Be7 5. Bg5 Nbd7 6. Qc2 0-0 7. e3 c5 8. dxc5 Nxc5 9. Bxf6 Bxf6 10. cxd5 exd5 11. Rd1 Be6 12. Be2 Rc8 13. Nd4 Ne4 14. Nxe6 fxe6 15. 0-0 Bxc3 16. bxc3 Nxc3 17. Rd2 0-1

[Event "Titled Tuesday intern op 16th May Early"]
[Site "Chess.com INT"]
[Date "2023.05.16"]
[Round "1"]
[White "Manukyan, Sargis A"]
[Black "Cupid, Kevin"]
[Result "1-0"]
[WhiteElo "2158"]
[BlackElo "2150"]
[PlyCount "97"]
[EventDate "2023.05.16"]
[EventType "swiss (blitz)"]
[EventRounds "11"]
[EventCountry "USA"]
[SourceTitle "CBM 214 Extra"]
[Source "ChessBase"]
[SourceDate "2023.07.31"]
[SourceVersion "1"]
[SourceVersionDate "2023.07.31"]
[SourceQuality "1"]

1. d4 Nf6 2. c4 e6 3. Nc3 Bb4 4. a3 Bxc3+ 5. bxc3 b6 6. e3 Bb7 7. f3 d6 8. Bd3 Nbd7 9. Ne2 e5 10. 0-0 e4 11. Bb1 exf3 12. gxf3 Qe7 13. e4 c5 14. a4 a5 15. Ng3 0-0 16. Nf5 Qe6 17. Bf4 Ne8 18. d5 Qf6 19. Ra2 g6 20. Rg2 Kh8 21. Bg5 Qxc3 22. Nh6 f6 23. Bf4 Ne5 24. Kh1 Ng7 25. Rfg1 Nh5 26. Bxe5 fxe5 27. Bd3 Qd4 28. Rd2 Qe3 29. Ng4 Qxf3+ 30. Qxf3 Rxf3 31. Rb1 Bc8 32. Nf2 Nf4 33. Rxb6 Nxd3 34. Nxd3 Bh3 35. Nf2 Bd7 36. Rxd6 Bxa4 37. Re6 Raf8 38. Kg2 Bb3 39. d6 Bxc4 40. Rxe5 a4 41. d7 a3 42. Re8 a2 43. d8Q Bf1+ 44. Kg1 Kg7 45. Rxf8 a1Q 46. Qe7+ Kh6 47. Qh4+ Kg7 48. Rd7+ Kxf8 49. Qd8# 1-0

[Event "Titled Tuesday intern op 11th Apr Early"]
[Site "Chess.com INT"]
[Date "2023.04.11"]
[Round "9"]
[White "Cupid, Kevin"]
[Black "Larina, Marija"]
[Result "1-0"]
[WhiteElo "2150"]
[BlackElo "1948"]
[PlyCount "87"]
[EventDate "2023.04.11"]
[EventType "swiss (blitz)"]
[EventRounds "11"]
[EventCountry "USA"]
[SourceTitle "CBM 213 Extra"]
[Source "ChessBase"]
[SourceDate "2023.05.31"]
[SourceVersion "1"]
[SourceVersionDate "2023.05.31"]
[SourceQuality "1"]

1. d4 f5 2. e4 fxe4 3. Nc3 Nf6 4. Bg5 Nc6 5. d5 Ne5 6. Qd4 Nf7 7. Bh4 c6 8. 0-0-0 Qb6 9. Bxf6 gxf6 10. Qxe4 Qxf2 11. Nh3 Bh6+ 12. Kb1 Qe3 13. Qh4 Bg5 14. Qh5 d6 15. Bc4 Qc5 16. Bb3 0-0 17. Ne4 Qa5 18. Nexg5 fxg5 19. Nxg5 Nxg5 20. Qxg5+ Kh8 21. Qxe7 Bg4 22. Rdf1 Qd8 23. Qxb7 c5 24. h3 Be2 25. Re1 Bh5 26. Re7 Bg6 27. Rd7 Qf6 28. a4 a5 29. Qc7 Rab8 30. Qxd6 Qxd6 31. Rxd6 Rxb3 32. Rxg6 Rxb2+ 33. Kxb2 hxg6 34. Kc3 Rf5 35. Kc4 Rf2 36. c3 Rxg2 37. d6 Rd2 38. Kxc5 Kg7 39. Re1 Kf6 40. c4 Rd3 41. Kc6 Rd4 42. c5 Rxa4 43. Rd1 Ke6 44. d7 1-0

[Event "Titled Tuesday intern op 29th Mar Early"]
[Site "Chess.com INT"]
[Date "2022.03.29"]
[Round "5"]
[White "Shtyka, Sergey"]
[Black "Cupid, Kevin"]
[Result "1-0"]
[WhiteElo "2154"]
[BlackElo "2154"]
[PlyCount "91"]
[EventDate "2022.03.29"]
[EventType "swiss (blitz)"]
[EventRounds "11"]
[EventCountry "USA"]
[SourceTitle "CBM 207 Extra"]
[Source "ChessBase"]
[SourceDate "2022.05.31"]
[SourceVersion "1"]
[SourceVersionDate "2022.05.31"]
[SourceQuality "1"]

1. e4 c6 2. Nf3 d5 3. Nc3 Bg4 4. h3 Bxf3 5. Qxf3 Nf6 6. d3 e6 7. a3 Nbd7 8. g3 Bc5 9. Bg2 a5 10. 0-0 dxe4 11. dxe4 0-0 12. Rd1 Qc7 13. Bf4 e5 14. Be3 Rfe8 15. Rd2 a4 16. Rad1 Bxe3 17. Qxe3 Nf8 18. Bf1 Ne6 19. Bc4 Nd4 20. Ne2 Qb6 21. Nxd4 exd4 22. Qxd4 Qxd4 23. Rxd4 b5 24. Bd3 c5 25. Rd6 c4 26. Bf1 Nxe4 27. Rd7 Nc5 28. R7d5 Rac8 29. Kg2 Kf8 30. R1d2 g6 31. Re2 Rxe2 32. Bxe2 Ke7 33. Bf3 Ke6 34. Kf1 f5 35. Ke2 Rc7 36. Ke3 Kf6 37. h4 Ke6 38. Kd4 Nb7 39. Rxb5 Nd6 40. Bd5+ Ke7 41. Rb6 c3 42. bxc3 h6 43. c4 g5 44. c5 Nc8 45. Rxh6 gxh4 46. gxh4 1-0

[Event "Titled Tuesday intern op 22 Mar Early"]
[Site "Chess.com INT"]
[Date "2022.03.22"]
[Round "4"]
[White "Pesotskiy, Mikhail"]
[Black "Cupid, Kevin"]
[Result "1-0"]
[WhiteElo "2217"]
[BlackElo "2154"]
[PlyCount "97"]
[EventDate "2022.03.22"]
[EventType "swiss (blitz)"]
[EventRounds "11"]
[EventCountry "USA"]
[SourceTitle "CBM 207 Extra"]
[Source "ChessBase"]
[SourceDate "2022.05.31"]
[SourceVersion "1"]
[SourceVersionDate "2022.05.31"]
[SourceQuality "1"]

1. d4 Nf6 2. c4 e6 3. Nc3 Bb4 4. Qc2 d5 5. a3 Bxc3+ 6. Qxc3 Nbd7 7. Nf3 Ne4 8. Qc2 f5 9. e3 0-0 10. Bd3 Ndf6 11. Ne5 c6 12. f3 Nd6 13. 0-0 dxc4 14. Nxc4 Nxc4 15. Bxc4 Kh8 16. Bd2 a5 17. Bc3 Qd6 18. e4 Nh5 19. Rad1 Qe7 20. Kh1 Qh4 21. Qf2 Qg5 22. Bd2 f4 23. Bc3 Ng3+ 24. Kg1 Nxf1 25. Rxf1 b5 26. Bb3 Qe7 27. Qd2 Qa7 28. Kh1 Bd7 29. d5 exd5 30. exd5 c5 31. Re1 b4 32. Be5 Rae8 33. h3 Qa6 34. Re4 bxa3 35. bxa3 Qb5 36. Bc4 Qb1+ 37. Kh2 Bf5 38. Qc3 Bxe4 39. Bxg7+ Kg8 40. d6+ Rf7 41. d7 Rd8 42. Bxf7+ Kxf7 43. Qf6+ Kg8 44. Qxd8+ Kxg7 45. Qe7+ Kh6 46. Qf6+ Bg6 47. d8Q Qc1 48. Qg5+ Kg7 49. Qd7+ 1-0

[Event "Titled Tuesday intern op 08th Mar Late"]
[Site "Chess.com INT"]
[Date "2022.03.08"]
[Round "3"]
[White "Batsiashvili, Nino"]
[Black "Cupid, Kevin"]
[Result "1-0"]
[WhiteElo "2472"]
[BlackElo "2154"]
[PlyCount "123"]
[EventDate "2022.03.08"]
[EventType "swiss (blitz)"]
[EventRounds "11"]
[EventCountry "USA"]
[SourceTitle "CBM 207 Extra"]
[Source "ChessBase"]
[SourceDate "2022.05.31"]
[SourceVersion "1"]
[SourceVersionDate "2022.05.31"]
[SourceQuality "1"]

1. d4 e5 2. dxe5 Nc6 3. Nf3 Nge7 4. Bf4 Ng6 5. Bg3 Bc5 6. e3 Qe7 7. Qd5 Nb4 8. Qb3 Nc6 9. Bc4 0-0 10. 0-0 Ncxe5 11. Nxe5 Nxe5 12. Be2 c6 13. c4 d6 14. Nc3 Bb6 15. Rad1 Bc7 16. h3 Rb8 17. f4 Nd7 18. e4 Nc5 19. Qc2 f5 20. Bf3 Qf7 21. b4 fxe4 22. Nxe4 Nxe4 23. Bxe4 g6 24. f5 Bxf5 25. Bxf5 gxf5 26. Bxd6 Bxd6 27. Rxd6 Qe7 28. c5 Rbe8 29. Rxf5 Qe3+ 30. Kh2 Re4 31. Rxf8+ Kxf8 32. Qd1 Kg7 33. Rd3 Qf4+ 34. Rg3+ Kf8 35. Qd8+ Kf7 36. Qd7+ Re7 37. Qg4 Qxg4 38. Rxg4 Re2 39. a4 Ra2 40. a5 Rb2 41. h4 h5 42. Rd4 Ke6 43. Kh3 a6 44. g3 Rb3 45. Rf4 Ke5 46. Rf8 Rxb4 47. Rh8 Rb5 48. Rxh5+ Kd4 49. Rg5 Rxa5 50. h5 Ra1 51. Rg4+ Kxc5 52. Rh4 Re1 53. h6 Re8 54. h7 a5 55. h8Q Rxh8 56. Rxh8 b5 57. g4 a4 58. g5 a3 59. Ra8 b4 60. g6 Kc4 61. g7 Kc3 62. g8Q 1-0

[Event "Titled Tuesday intern op 08th Mar Late"]
[Site "Chess.com INT"]
[Date "2022.03.08"]
[Round "2"]
[White "Cupid, Kevin"]
[Black "Mortazavi, Ali"]
[Result "1/2-1/2"]
[WhiteElo "2154"]
[BlackElo "2333"]
[PlyCount "136"]
[EventDate "2022.03.08"]
[EventType "swiss (blitz)"]
[EventRounds "11"]
[EventCountry "USA"]
[SourceTitle "CBM 207 Extra"]
[Source "ChessBase"]
[SourceDate "2022.05.31"]
[SourceVersion "1"]
[SourceVersionDate "2022.05.31"]
[SourceQuality "1"]

1. Nf3 Nf6 2. d4 g6 3. c4 Bg7 4. Nc3 0-0 5. Bg5 d6 6. e3 c5 7. Be2 cxd4 8. Nxd4 Nc6 9. 0-0 Bd7 10. Rc1 Rc8 11. h3 Qa5 12. Bh4 a6 13. a3 Rfe8 14. Nc2 Ne5 15. b4 Qd8 16. Bxf6 Bxf6 17. Nd5 Bg7 18. Nd4 e6 19. Nf4 b6 20. Qb3 Qc7 21. Rc2 Qb8 22. Rfc1 Nc6 23. Nf3 Rcd8 24. Rd1 Bc8 25. Rcd2 Bb7 26. Qa4 Qa8 27. Rxd6 Rxd6 28. Rxd6 Bf8 29. Rd7 Qc8 30. Qd1 Bg7 31. Qd6 Rd8 32. Rxd8+ Nxd8 33. Qxb6 h6 34. Nd3 Qd7 35. Nfe5 Bxe5 36. Nxe5 Qd2 37. Bf3 Bxf3 38. gxf3 Kg7 39. Kg2 g5 40. Qd4 Qxd4 41. exd4 Kf6 42. Kg3 Ke7 43. f4 f6 44. Nd3 Nc6 45. d5 exd5 46. cxd5 Nd4 47. fxg5 hxg5 48. f4 Ne2+ 49. Kf3 Ng1+ 50. Kg2 Ne2 51. Kf2 Nc3 52. fxg5 fxg5 53. Kf3 Nxd5 54. Ke4 Nb6 55. Ke5 Nc4+ 56. Kf5 Nxa3 57. Nc5 Nb5 58. Nxa6 Nd4+ 59. Kxg5 Kd7 60. Kg6 Kc6 61. h4 Ne6 62. h5 Nf4+ 63. Kg5 Nxh5 64. Kxh5 Kb5 65. Kg5 Kxa6 66. Kf4 Kb5 67. Ke4 Kc4 68. Ke5 Kxb4 1/2-1/2